| 000 | 00360nam a22001577a 4500 | ||
|---|---|---|---|
| 020 | _a9789389708257 | ||
| 082 |
_a574 _bARO/B |
||
| 100 | _aARORA,B.B; SABHARWAL, A.K | ||
| 245 | _aMODERN ABC + BIOLOGY-XI | ||
| 246 | _aPART II | ||
| 260 |
_aJLANDHAR _bMODERN PUBLISHERS _c2023 |
||
| 300 | _a22/54 | ||
| 520 | _aBIOLOGY | ||
| 650 | _aREFERENCE | ||
| 942 | _cBK | ||
| 999 |
_c6806 _d6806 |
||